| 000 | 00561nam a2200205 i 4500 | ||
|---|---|---|---|
| 001 | 31478 | ||
| 003 | ES-MaACL | ||
| 005 | 20240530125101.0 | ||
| 007 | t| | ||
| 008 | 030129s1982 sp ||||1| spa d | ||
| 100 | 1 |
_aBenet, Juan. _927536 |
|
| 245 | 1 | 3 |
_aLa moviola de EurÃpides y otros ensayos / _cJuan Benet. |
| 260 |
_a[Madrid] : _bTaurus, _c[1982] |
||
| 300 |
_a144 p. ; _c21 cm. |
||
| 490 | 1 |
_aPersiles ; _v132 |
|
| 830 | 0 | 0 |
_aPersiles ; _v132 _9236720 |
| 852 |
_aES-MaACL _jL-3148 _bR.103554 |
||
| 942 | _2udc | ||
| 999 |
_c31478 _d31478 |
||